<?xml version="1.0" encoding="UTF-8"?>
<record
    xmlns:xsi="http://www.w3.org/2001/XMLSchema-instance"
    xsi:schemaLocation="http://www.loc.gov/MARC21/slim http://www.loc.gov/standards/marcxml/schema/MARC21slim.xsd"
    xmlns="http://www.loc.gov/MARC21/slim">

  <leader>02439cam a2200265   4500500</leader>
  <controlfield tag="005">20251228052903.0</controlfield>
  <datafield tag="041" ind1=" " ind2=" ">
    <subfield code="a">fre</subfield>
  </datafield>
  <datafield tag="042" ind1=" " ind2=" ">
    <subfield code="a">dc</subfield>
  </datafield>
  <datafield tag="100" ind1="1" ind2="0">
    <subfield code="a">L&#xE9;obal, Cl&#xE9;mence</subfield>
    <subfield code="e">author</subfield>
  </datafield>
  <datafield tag="245" ind1="0" ind2="0">
    <subfield code="a">Du b&#xE9;ton sous les tropiques</subfield>
  </datafield>
  <datafield tag="260" ind1=" " ind2=" ">
    <subfield code="c">2021.
							</subfield>
  </datafield>
  <datafield tag="500" ind1=" " ind2=" ">
    <subfield code="a">49</subfield>
  </datafield>
  <datafield tag="520" ind1=" " ind2=" ">
    <subfield code="a">Dans les d&#xE9;partements et r&#xE9;gions d&#x2019;outre-mer (DROM), des politiques fran&#xE7;aises du logement sont appliqu&#xE9;es. Dans chaque territoire, des modes d&#x2019;habiter et des architectures locales adapt&#xE9;es &#xE0; leur environnement sp&#xE9;cifique sont pratiqu&#xE9;s au quotidien. Comme partout dans le monde, l&#x2019;impact de la modernisation architecturale, du fonctionnalisme et du tout-b&#xE9;ton sur les modes de vie est consid&#xE9;rable. Nous voyons dans une premi&#xE8;re partie que les politiques urbaines fran&#xE7;aises dans les DROM imposent un mod&#xE8;le de logement polluant et qui contraint les modes de vie des locataires. En second lieu, ce mod&#xE8;le s&#x2019;oppose aux maisons construites par les r&#xE9;seaux locaux de constructeurs, avec des mat&#xE9;riaux locaux tels que le bois et la t&#xF4;le. Enfin, nous nous penchons sur des politiques diff&#xE9;rentes de logement dit &#xAB;&#xA0;adapt&#xE9;&#xA0;&#xBB; qui avaient &#xE9;t&#xE9; men&#xE9;es dans les ann&#xE9;es 1970 et 1980 et qui ont &#xE9;t&#xE9; abandonn&#xE9;es.</subfield>
  </datafield>
  <datafield tag="520" ind1=" " ind2=" ">
    <subfield code="a">In the French Overseas Territories, French housing policies are applied. In each territory, modes of dwelling and local architectures adapted to their specific environment are used in everyday life. Like everywhere in the world, the impact of architectural modernization, functionalism and all-concrete on the ways of life is considerable. First, we see that French urban policies in the French Overseas Territories impose a polluting housing model that constrains the ways of life of the tenants. Second, we show that this model opposes the houses built by the local network of builders with local materials like wood and sheet metal. Third, we consider the &#x201C;adapted&#x201D; housing policies established in the 1970s and 1980s and then abandonned.</subfield>
  </datafield>
  <datafield tag="690" ind1=" " ind2=" ">
    <subfield code="a">B&#xE9;ton</subfield>
  </datafield>
  <datafield tag="690" ind1=" " ind2=" ">
    <subfield code="a">d&#xE9;partement et r&#xE9;gions d&#x2019;outre mer</subfield>
  </datafield>
  <datafield tag="690" ind1=" " ind2=" ">
    <subfield code="a">logement</subfield>
  </datafield>
  <datafield tag="690" ind1=" " ind2=" ">
    <subfield code="a">pratiques locales</subfield>
  </datafield>
  <datafield tag="690" ind1=" " ind2=" ">
    <subfield code="a">Concrete</subfield>
  </datafield>
  <datafield tag="690" ind1=" " ind2=" ">
    <subfield code="a">French Overseas Territories</subfield>
  </datafield>
  <datafield tag="690" ind1=" " ind2=" ">
    <subfield code="a">housing</subfield>
  </datafield>
  <datafield tag="690" ind1=" " ind2=" ">
    <subfield code="a">local practices</subfield>
  </datafield>
  <datafield tag="786" ind1="0" ind2=" ">
    <subfield code="n">&#xC9;cologie &amp;amp; Politique | 63 | 2 | 2021-12-21 | p. 43-56 | 1166-3030</subfield>
  </datafield>
  <datafield tag="856" ind1="4" ind2="1">
    <subfield code="u">https://shs.cairn.info/revue-ecologie-et-politique-2021-2-page-43?lang=fr&amp;redirect-ssocas=7080</subfield>
  </datafield>
  <datafield tag="999" ind1=" " ind2=" ">
    <subfield code="c">1584749</subfield>
    <subfield code="d">1584749</subfield>
  </datafield>
</record>
